The 42nd parallel
Збережено в:
| Автор: | |
|---|---|
| Формат: | Книга |
| Мова: | Англійська |
| Опубліковано: |
Nueva York
New American Library
1958
|
| Серія: | Signet Classic
|
| Предмети: | |
| Теги: |
Додати тег
Немає тегів, Будьте першим, хто поставить тег для цього запису!
|
MARC
| LEADER | 00000nam a2200000 a 4500 | ||
|---|---|---|---|
| 001 | UCQ3674 | ||
| 003 | CL-VaPUC | ||
| 008 | 980821e19580000US |||||||||||||||||eng|d | ||
| 082 | 0 | 4 | |a 813 |b DOS |2 21 |
| 100 | |a Dos Passos, John |e author |9 371936 | ||
| 245 | 1 | 4 | |a The 42nd parallel |
| 300 | |a 415 p | ||
| 942 | |c BK | ||
| 945 | |d 19980821 00:00:00 |a crobeson | ||
| 260 | |a Nueva York |b New American Library |c 1958 | ||
| 650 | 0 | |a Novelas estadounidenses |9 265217 | |
| 650 | 0 | |a Literatura estadounidense |9 317168 | |
| 583 | |a last modification |c 19980821 00:00:00 |k Rodrigo Vera | ||
| 490 | 0 | |a Signet Classic | |
| 999 | |c 274191 |d 274189 | ||
| 952 | |0 0 |1 0 |4 0 |6 813_000000000000000_DOS_1958 |7 0 |8 A |9 310296 |a BIBEDU |b BIBEDU |d 2019-11-20 |i 1456954 |o 813 DOS 1958 |p 1456954 |r 2019-11-20 |w 2019-11-20 |y BK |k LIT | ||